[Event "XI Anibal Open"]
[Site "Linares ESP"]
[Date "2005.02.27"]
[Round "3"]
[White "Basas Gamazo,J"]
[Black "Recuero Guerra,D"]
[Result "0-1"]
[WhiteElo "2040"]
[BlackElo "2241"]
[EventDate "2005.02.25"]

1. e4 e5 2. Nf3 Nc6 3. Bb5 a6 4. Bxc6 dxc6 5. O-O Bg4 6. d3 Qf6 7. Nbd2 Ne7
8. h3 h5 9. Re1 Ng6 10. Nf1 Bxf3 11. Qxf3 Qxf3 12. gxf3 O-O-O 13. Be3 Rd6
14. Nh2 Nh4 15. Kh1 Rg6 16. Rg1 Rxg1+ 17. Kxg1 g5 18. Kf1 Be7 19. Ke2 Kd7
20. Rg1 Ke6 21. c3 f6 22. Rd1 c5 23. Rg1 b5 24. b3 a5 25. d4 cxd4 26. cxd4
exd4 27. Bxd4 Ng6 28. Be3 c5 29. Rc1 Rc8 30. Nf1 c4 31. bxc4 bxc4 32. Ng3
c3 33. Nf5 Ba3 34. Nd4+ Ke7 35. Rc2 Bb2 36. Nb3 Ne5 37. Bd4 a4 38. Nd2 cxd2
39. Rxc8 Bxd4 40. Kxd2 a3 41. Ke2 Ng6 42. Rc7+ Kd6 0-1

[Event "XI Anibal Open"]
[Site "Linares ESP"]
[Date "2005.02.27"]
[Round "3"]
[White "Fenollar Jorda,M"]
[Black "Costello,C"]
[Result "1-0"]
[WhiteElo "2226"]
[BlackElo "2024"]
[EventDate "2005.02.25"]

1. d4 d5 2. Nf3 Nf6 3. e3 c5 4. c3 e6 5. Bd3 Be7 6. Nbd2 Nbd7 7. O-O b6 8.
Ne5 Bb7 9. f4 O-O 10. Qf3 Rc8 11. g4 Nxe5 12. dxe5 Nd7 13. Qh3 g6 14. Nf3
Qc7 15. Bd2 Rfd8 16. Be1 d4 17. exd4 cxd4 18. cxd4 Nc5 19. Bc2 Bxf3 20.
Qxf3 Rxd4 21. Bc3 Rd7 22. h4 Qb7 23. Qe2 Rcd8 24. h5 Nd3 25. a3 Bc5+ 26.
Kh2 Nxb2 27. Be4 Na4 28. Bxb7 Nxc3 29. Qc4 Rd2+ 30. Kh3 Ne2 31. Rae1 R8d3+
32. Rf3 Rd4 33. Rxe2 1-0

[Event "XI Anibal Open"]
[Site "Linares ESP"]
[Date "2005.02.27"]
[Round "3"]
[White "Gutierrez Leon,C"]
[Black "Fernandes,R"]
[Result "0-1"]
[WhiteElo "1985"]
[BlackElo "2226"]
[EventDate "2005.02.25"]

1. Nf3 Nf6 2. b3 g6 3. e3 Bg7 4. Bb2 O-O 5. Be2 c5 6. O-O Nc6 7. c4 d6 8.
d4 cxd4 9. Nxd4 Bd7 10. Bf3 Rc8 11. Na3 a6 12. Nxc6 Bxc6 13. Nc2 Bxf3 14.
Qxf3 b5 15. Na3 Qa5 16. Rfd1 b4 17. Nb1 d5 18. Nd2 Rfd8 19. Bd4 h5 20. h3
Qc7 21. cxd5 Nxd5 22. Bxg7 Kxg7 23. Nc4 Nc3 24. Rxd8 Rxd8 25. g4 hxg4 26.
Qxg4 Rd3 27. a3 bxa3 28. Rxa3 Rd1+ 29. Kg2 Qc6+ 30. f3 Qd5 31. h4 Nb5 32.
Rxa6 Qd3 33. Ra2 Qb1 34. Qf4 Qxa2+ 0-1

[Event "XI Anibal Open"]
[Site "Linares ESP"]
[Date "2005.02.27"]
[Round "3"]
[White "Breivik,L"]
[Black "Benito Alba,E"]
[Result "1-0"]
[WhiteElo "2221"]
[BlackElo "1914"]
[EventDate "2005.02.25"]

1. d4 d5 2. Nf3 Nf6 3. e3 Bf5 4. c4 e6 5. Qb3 Qc8 6. Nc3 c6 7. Bd2 Be7 8.
Rc1 O-O 9. Nh4 Bg6 10. Nxg6 hxg6 11. Bd3 Nbd7 12. O-O Rd8 13. Rfe1 dxc4 14.
Bxc4 Nb6 15. Bd3 Qd7 16. Ne4 Nxe4 17. Bxe4 Nd5 18. Bf3 Rac8 19. Red1 b6 20.
e4 Nf6 21. Be3 Qb7 22. h3 Rd7 23. Rc3 Rcd8 24. Rdc1 c5 25. dxc5 Bxc5 26. e5
Nd5 27. Bxc5 bxc5 28. Rxc5 Qxb3 29. axb3 Nf4 30. Rc8 Kf8 31. R1c7 Ke7 32.
Bc6 Rxc7 33. Rxc7+ Kf8 34. Rxa7 Nd3 35. Ra5 f5 36. exf6 gxf6 37. Be4 f5 38.
Ra8 Rxa8 39. Bxa8 Nxb2 40. Bc6 Ke7 41. Bb5 Nd1 42. Kf1 Nc3 43. Bc4 Kd6 44.
Ke1 e5 45. h4 Ke7 46. b4 Ne4 47. f3 Nd6 48. Ba6 Kd7 49. Kd2 Kc6 50. Kc3 e4
51. Be2 1-0

[Event "XI Anibal Open"]
[Site "Linares ESP"]
[Date "2005.02.27"]
[Round "3"]
[White "Diaz Begonte,M"]
[Black "Canabate Carmona,F"]
[Result "0-1"]
[WhiteElo "1862"]
[BlackElo "2110"]
[EventDate "2005.02.25"]

1. e4 c5 2. d4 g6 3. c3 b6 4. dxc5 Bb7 5. Be3 bxc5 6. Nd2 d6 7. Qb3 Qc7 8.
Bc4 e6 9. Ne2 Nc6 10. O-O Nf6 11. f4 Ng4 12. Rf3 Bh6 13. Raf1 O-O 14. Qc2
Rae8 15. h3 Nxe3 16. Rxe3 d5 17. exd5 exd5 18. Rxe8 Rxe8 19. Bb5 Qb6 20.
Bxc6 Rxe2 21. Bxb7 c4+ 22. Kh1 Qxb7 23. Qd1 Qe7 24. Nf3 Qe4 25. Re1 Rxe1+
26. Nxe1 Qxf4 27. Nf3 Qc1 28. Qxc1 Bxc1 29. b3 cxb3 30. axb3 Kf8 31. Kg1
Ke7 32. Kf1 Bb2 33. c4 dxc4 34. bxc4 f6 35. Ke2 Kd6 36. Kd3 Kc5 37. Kc2 Be5
38. Kb3 h5 39. Nh4 g5 40. Nf5 g4 41. hxg4 hxg4 42. Nh6 g3 43. Nf5 a6 44.
Ne3 a5 45. Ka4 Kd4 46. Nf5+ Kxc4 47. Kxa5 Kd3 48. Kb4 Ke2 49. Kc4 Kf2 50.
Nh4 Bf4 51. Kd4 Bg5 52. Nf3 Kxg2 53. Ke4 f5+ 0-1

[Event "XI Anibal Open"]
[Site "Linares ESP"]
[Date "2005.02.28"]
[Round "4"]
[White "Sorokin,M"]
[Black "Payen,A"]
[Result "1/2-1/2"]
[WhiteElo "2578"]
[BlackElo "2384"]
[EventDate "2005.02.25"]

1. Nf3 d5 2. d4 Nf6 3. c4 e6 4. Nc3 c6 5. Bg5 Nbd7 6. cxd5 exd5 7. e3 Be7
8. Bd3 O-O 9. Qc2 Re8 10. O-O Nf8 11. Rab1 Bd6 12. Rfe1 Bd7 13. b4 Ng6 14.
b5 Bg4 15. Nh4 Bh5 16. h3 h6 17. Bxf6 Qxf6 18. Nf5 Nh4 19. Nxd6 Qxd6 20. f4
Bg6 1/2-1/2

[Event "XI Anibal Open"]
[Site "Linares ESP"]
[Date "2005.02.28"]
[Round "4"]
[White "Aloma Vidal,R"]
[Black "Cheparinov,I"]
[Result "0-1"]
[WhiteElo "2329"]
[BlackElo "2572"]
[EventDate "2005.02.25"]

1. d4 Nf6 2. c4 e6 3. Nc3 Bb4 4. e3 O-O 5. Bd3 d5 6. Nf3 c5 7. O-O dxc4 8.
Bxc4 cxd4 9. exd4 b6 10. Ne5 Bb7 11. Bg5 Nc6 12. Bxf6 Qxf6 13. Nd7 Qh4 14.
Nxf8 Rxf8 15. Ne2 Rd8 16. Qa4 Bd6 17. f4 Nxd4 18. Nxd4 Bc5 19. Rad1 Qg4 20.
g3 h5 21. Ba6 Bf3 22. Rd2 e5 23. fxe5 Rxd4 24. Qe8+ Kh7 25. Rdf2 h4 26. Bc8
Qg6 27. Rxf3 hxg3 28. hxg3 Rd2+ 29. R1f2 Bxf2+ 30. Kf1 Qb1+ 31. Kg2 Be3+
32. Kh3 Qh1+ 33. Kg4 Rd4+ 34. Rf4 Rxf4+ 35. gxf4 Qg2+ 0-1

[Event "XI Anibal Open"]
[Site "Linares ESP"]
[Date "2005.02.28"]
[Round "4"]
[White "Fernandez Romero,Ern"]
[Black "Guerra Bastida,D"]
[Result "1/2-1/2"]
[WhiteElo "2469"]
[BlackElo "2390"]
[EventDate "2005.02.25"]

1. e4 c5 2. Nf3 Nc6 3. d4 cxd4 4. Nxd4 g6 5. c4 Bg7 6. Be3 Nf6 7. Nc3 d6 8.
Be2 O-O 9. O-O Nxd4 10. Bxd4 Bd7 11. Qd2 Bc6 12. f3 a5 13. b3 Nd7 14. Be3
Nc5 15. Rab1 Qb6 16. Rfc1 Rfc8 17. Rc2 Qd8 18. Bf1 Be5 19. a3 e6 20. b4
axb4 21. axb4 Na4 22. Ne2 Nb6 23. Nd4 Ra3 24. Nxc6 Rxc6 25. f4 Bf6 26. Qc1
Ra8 27. c5 dxc5 28. bxc5 Bd4 29. Rxb6 Ra1 30. Qd2 Bxe3+ 31. Qxe3 Rxf1+ 32.
Kxf1 Qd1+ 33. Qe1 Qxc2 1/2-1/2

[Event "XI Anibal Open"]
[Site "Linares ESP"]
[Date "2005.02.28"]
[Round "4"]
[White "Maze,S"]
[Black "Salgado Lopez,I"]
[Result "0-1"]
[WhiteElo "2455"]
[BlackElo "2278"]
[EventDate "2005.02.25"]

1. e4 e6 2. d4 d5 3. Nc3 Bb4 4. Bd3 dxe4 5. Bxe4 Nf6 6. Bf3 O-O 7. Nge2 e5
8. dxe5 Qxd1+ 9. Kxd1 Ng4 10. Bxg4 Bxg4 11. f3 Rd8+ 12. Bd2 Be6 13. Kc1 Nc6
14. a3 Ba5 15. f4 Nd4 16. Re1 Bf5 17. Nxd4 Rxd4 18. h3 h5 19. Re2 Rad8 20.
Be3 Rc4 21. Rd2 Re8 22. b4 Rxc3 23. Bd4 Rc4 24. bxa5 Rd8 25. Bc3 Rxd2 26.
Bxd2 Bxc2 27. Kb2 Be4 28. Rc1 Rxc1 29. Bxc1 Bxg2 30. h4 Bh3 31. Be3 b6 32.
Kc3 Kh7 33. Kc4 Bd7 34. Bd2 Kg6 35. Bb4 c5 36. Bc3 Kf5 37. Kd5 Kxf4 38. Kd6
Ba4 39. axb6 axb6 40. e6 fxe6 41. Kxe6 Kg4 0-1

[Event "XI Anibal Open"]
[Site "Linares ESP"]
[Date "2005.02.28"]
[Round "4"]
[White "Karim,I"]
[Black "Del Rio Angelis,S"]
[Result "1/2-1/2"]
[WhiteElo "2249"]
[BlackElo "2502"]
[EventDate "2005.02.25"]

1. e4 c5 2. Nf3 Nc6 3. d4 cxd4 4. Nxd4 Nf6 5. Nc3 d6 6. f3 e6 7. Be3 Be7 8.
Qd2 d5 9. exd5 Nxd5 10. Nxd5 Qxd5 11. c4 Qd6 12. Be2 O-O 13. O-O Bf6 14. c5
Qd5 15. Nxc6 Qxd2 16. Bxd2 bxc6 17. Bc3 Bxc3 18. bxc3 e5 19. Rfd1 Be6 20.
Rd6 Rfd8 21. Rad1 Rxd6 22. Rxd6 Bxa2 23. Rxc6 a5 24. Rb6 Kf8 25. c6 Ke7 26.
c7 Rc8 27. Ra6 Rxc7 1/2-1/2

[Event "XI Anibal Open"]
[Site "Linares ESP"]
[Date "2005.02.28"]
[Round "4"]
[White "Recuero Guerra,D"]
[Black "De la Villa Garcia,J"]
[Result "0-1"]
[WhiteElo "2241"]
[BlackElo "2470"]
[EventDate "2005.02.25"]

1. e4 c5 2. Nc3 a6 3. g3 b5 4. Bg2 Bb7 5. d3 e6 6. f4 d5 7. e5 h5 8. Nf3
Nh6 9. O-O Nc6 10. Qe2 Nf5 11. Nd1 c4 12. Ne3 Bc5 13. Kh1 Ncd4 14. Qd1 h4
15. Nxf5 Nxf5 16. d4 h3 17. dxc5 d4 18. b4 Qd5 19. Qe2 O-O-O 20. Kg1 d3 21.
cxd3 cxd3 22. Qf2 hxg2 23. Kxg2 Nd4 24. Be3 Nxf3 25. Qxf3 Qc4 26. c6 Bxc6
27. Rac1 Bxf3+ 28. Kxf3 d2 29. Rxc4+ bxc4 30. Ke2 d1=Q+ 31. Rxd1 Rxh2+ 0-1

[Event "XI Anibal Open"]
[Site "Linares ESP"]
[Date "2005.02.28"]
[Round "4"]
[White "Fernandes,R"]
[Black "De la Paz,F"]
[Result "0-1"]
[WhiteElo "2226"]
[BlackElo "2466"]
[EventDate "2005.02.25"]

1. c4 Nf6 2. g3 g6 3. Bg2 Bg7 4. Nf3 O-O 5. O-O d6 6. Nc3 Nc6 7. d4 Bg4 8.
h3 Bxf3 9. Bxf3 Nd7 10. Be3 e5 11. Bxc6 bxc6 12. Qd2 f5 13. Rad1 f4 14.
gxf4 Qh4 15. fxe5 Qxh3 16. Bf4 Bh6 17. Bxh6 Qg4+ 18. Kh1 Rf5 0-1

[Event "XI Anibal Open"]
[Site "Linares ESP"]
[Date "2005.02.28"]
[Round "4"]
[White "Javakhishvili,L"]
[Black "Parfjonov,P"]
[Result "1/2-1/2"]
[WhiteElo "2456"]
[BlackElo "2262"]
[EventDate "2005.02.25"]

1. d4 Nf6 2. c4 e6 3. Nf3 b6 4. Nc3 Bb4 5. Bg5 h6 6. Bh4 Bxc3+ 7. bxc3 d6
8. Nd2 Bb7 9. f3 Nbd7 10. e4 Qe7 11. Qa4 g5 12. Bf2 Kf8 13. Be2 Kg7 14. h4
c5 15. Rb1 a5 16. Nb3 Rac8 17. Qa3 Ba6 18. Qc1 Nh7 19. dxc5 dxc5 20. Qe3
Qf6 21. Bg3 e5 22. Nd2 Nhf8 23. Nf1 Ng6 24. Qd2 Rcd8 25. Ne3 Nf4 26. Bf1
Nf8 27. Qc2 Bc8 28. Bf2 Bb7 29. Nf5+ Kg8 30. g3 Nh5 31. Be2 Nd7 32. Rd1 Nf8
33. Rb1 Nd7 34. Qc1 Ng7 35. hxg5 hxg5 36. Rxh8+ Kxh8 37. Be3 Ne6 38. Kf2
Kg8 39. Qh1 Ng7 40. Nh6+ Kf8 41. Ng4 Qg6 42. Rd1 Ke7 43. Rd2 Bc6 44. Kg2 f5
45. exf5 Nxf5 46. Bf2 e4 47. Kg1 Nd6 48. Rd1 Rf8 49. Re1 Kd8 50. Bd1 exf3
1/2-1/2

[Event "XI Anibal Open"]
[Site "Linares ESP"]
[Date "2005.02.28"]
[Round "4"]
[White "Valden,P"]
[Black "Dziuba,M"]
[Result "0-1"]
[WhiteElo "2185"]
[BlackElo "2416"]
[EventDate "2005.02.25"]

1. c4 Nf6 2. Nc3 d6 3. g3 c6 4. Bg2 e5 5. e3 Be6 6. b3 d5 7. cxd5 Nxd5 8.
Nge2 Nxc3 9. dxc3 Nd7 10. O-O Be7 11. Qc2 O-O 12. c4 a5 13. Bb2 a4 14. f4
f6 15. fxe5 fxe5 16. Be4 axb3 17. Bxh7+ Kh8 18. axb3 Rxa1 19. Bxa1 Rxf1+
20. Kxf1 Bh3+ 21. Ke1 Qf8 22. Kd2 Qf2 23. Qe4 Bf1 24. Qd3 Nc5 25. Qf5 Qxe2+
0-1

[Event "XI Anibal Open"]
[Site "Linares ESP"]
[Date "2005.02.28"]
[Round "4"]
[White "Matnadze,A"]
[Black "Breivik,L"]
[Result "0-1"]
[WhiteElo "2376"]
[BlackElo "2221"]
[EventDate "2005.02.25"]

1. d4 Nf6 2. Nf3 e6 3. c4 c5 4. d5 exd5 5. cxd5 d6 6. Nc3 g6 7. g3 Bg7 8.
Bg2 O-O 9. O-O Re8 10. Bf4 Ne4 11. Nxe4 Rxe4 12. Nd2 Rb4 13. a3 Rxf4 14.
gxf4 Bxb2 15. Ra2 Bg7 16. a4 Na6 17. Ra3 Qf6 18. e3 Nb4 19. Qf3 b6 20. a5
b5 21. Rb3 Bb7 22. Qh3 Rd8 23. Ne4 Qe7 24. Rd1 Bc8 25. Qg3 Bf5 26. f3 a6
27. Qe1 Bc8 28. Kh1 Bf5 29. Qd2 Bc8 30. Nf2 Bb7 31. e4 Qh4 32. Rdb1 h5 33.
Rxb4 cxb4 34. Rxb4 Rc8 35. e5 Bxd5 36. Rd4 Bb3 37. exd6 Bxd4 38. d7 Rc2 39.
Qd3 Rc1+ 40. Bf1 Qxf2 41. d8=Q+ Kh7 42. Q8xd4 Rxf1+ 0-1

[Event "XI Anibal Open"]
[Site "Linares ESP"]
[Date "2005.02.28"]
[Round "4"]
[White "Pena Riasco,A"]
[Black "Barria,D"]
[Result "1/2-1/2"]
[WhiteElo "2196"]
[BlackElo "2349"]
[EventDate "2005.02.25"]

1. d4 Nf6 2. c4 e6 3. Nf3 c5 4. d5 exd5 5. cxd5 d6 6. Nc3 g6 7. e4 Bg7 8.
Bd3 O-O 9. O-O a6 10. a4 Bg4 11. h3 Bxf3 12. Qxf3 Nbd7 13. Bf4 Ne5 14. Bxe5
dxe5 15. a5 Rc8 16. b3 Ne8 17. Rfc1 Bh6 18. Rc2 Nd6 19. Qe2 Bg5 20. Nd1 f5
21. Nc3 Bf4 22. Raa2 Qe7 23. Na4 fxe4 24. Bxe4 Nb5 25. Nb6 Rc7 26. Qd3 Rf6
27. g3 Bh6 28. d6 Rxd6 29. Qc4+ Kh8 30. Nd5 Rxd5 31. Qxd5 Bf8 32. Kg2 Rd7
33. Qc4 Rd4 34. Qe2 Qf7 35. Qe3 Nd6 36. f3 c4 37. bxc4 Nxc4 38. Qe2 Bh6 39.
Kh2 Nd6 40. Rc5 Bg7 41. Rac2 Bf6 42. Rc7 Qb3 43. h4 Qb4 44. h5 Qxa5 45.
hxg6 hxg6 46. Bxg6 e4 47. fxe4 Qg5 48. Qh5+ Qxh5+ 49. Bxh5 Rxe4 50. Rd7 Rc4
51. Rxc4 Nxc4 52. Rxb7 a5 53. Be2 Nd6 54. Ra7 Bc3 55. Bd3 Kg8 56. g4 Kf8
57. Rd7 Nf7 58. Bb5 Bb2 59. Ba4 Bc1 60. Kh3 Ng5+ 61. Kh4 Nf3+ 62. Kh5 Ng5
63. Kg6 Nh3 64. Bb3 Ng5 65. Rd5 Nf3 66. Kf5 Be3 67. Ke4 Nd2+ 68. Kxe3 Nxb3
69. Rd7 a4 70. Ra7 Nc5 71. Ra5 Ne6 72. Rxa4 Kf7 73. Ra5 Kf6 74. Ke4 Ng5+
75. Kf4 Ne6+ 76. Kg3 Ng5 77. Kh4 Ne6 78. Ra6 Kf7 79. Rxe6 Kxe6 80. Kg5 Kf7
81. Kh6 Kg8 82. Kg6 Kh8 83. Kf7 Kh7 84. g5 Kh8 85. Kf6 Kh7 86. Kf7 Kh8 87.
Kg6 Kg8 88. Kf6 Kh7 89. Kf7 Kh8 90. Kf6 1/2-1/2

[Event "XI Anibal Open"]
[Site "Linares ESP"]
[Date "2005.02.28"]
[Round "4"]
[White "Canabate Carmona,F"]
[Black "Vila Gazquez,Ja"]
[Result "1/2-1/2"]
[WhiteElo "2110"]
[BlackElo "2307"]
[EventDate "2005.02.25"]

1. c4 e5 2. Nc3 Nf6 3. g3 Bb4 4. Bg2 O-O 5. e4 d6 6. Nge2 a5 7. O-O Nc6 8.
d3 Bc5 9. h3 Ne8 10. Nd5 f5 11. Kh2 fxe4 12. Bxe4 Nf6 13. Be3 Nxe4 14. dxe4
Bxe3 15. Nxe3 Be6 16. f4 exf4 17. Nxf4 Bf7 18. Qc2 Ne5 19. Rad1 Qe8 20.
Ned5 Rc8 21. b3 Ng6 22. Rde1 Nxf4 23. gxf4 Bxd5 24. exd5 Qh5 25. Qe2 Qxe2+
26. Rxe2 Rce8 27. Rxe8 Rxe8 28. Kg3 Kf7 29. Kf3 Kf6 30. a3 b6 31. h4 h6 32.
h5 g5 33. fxg5+ Kxg5 34. Rg1+ Kxh5 35. Rg7 Rc8 36. Ke4 1/2-1/2

[Event "XI Anibal Open"]
[Site "Linares ESP"]
[Date "2005.02.28"]
[Round "4"]
[White "Taboas Rodriguez,D"]
[Black "Henriksen,G"]
[Result "1-0"]
[WhiteElo "2302"]
[BlackElo "2203"]
[EventDate "2005.02.25"]

1. d4 Nf6 2. c4 c5 3. d5 e6 4. Nf3 d6 5. Nc3 exd5 6. cxd5 g6 7. e4 Bg7 8.
Bd3 O-O 9. h3 Bd7 10. Bf4 Re8 11. Nd2 b5 12. Nxb5 Nxe4 13. O-O a6 14. Nxe4
axb5 15. Nxd6 c4 16. Nxe8 Bxe8 17. Be4 Bxb2 18. Rb1 Bg7 19. Qc2 Ra4 20.
Bxb8 Qxb8 21. Qxa4 1-0

[Event "XI Anibal Open"]
[Site "Linares ESP"]
[Date "2005.02.28"]
[Round "4"]
[White "Peric,Sl"]
[Black "Cruz,A BOL"]
[Result "1-0"]
[WhiteElo "2230"]
[BlackElo "2185"]
[EventDate "2005.02.25"]

1. d4 Nf6 2. Nf3 b6 3. e3 Bb7 4. Bd3 c5 5. O-O g5 6. Nbd2 Nc6 7. c3 e6 8.
Nxg5 Rg8 9. Nge4 Nxe4 10. Bxe4 Qh4 11. g3 Bd6 12. Bg2 Na5 13. Bxb7 Nxb7 14.
Qf3 Rb8 15. e4 h5 16. e5 Be7 17. Ne4 cxd4 18. cxd4 Na5 19. Kg2 Nc6 20. Be3
Qg4 21. Qxg4 Rxg4 22. f3 Rg8 23. a3 Na5 24. Rac1 b5 25. Rc7 Nc4 26. Bc1 a5
27. b3 Nb6 28. Bd2 b4 29. axb4 axb4 30. Ra1 Nd5 31. Rca7 f5 32. exf6 Nxf6
33. Kf2 Nd5 34. Ke2 Nc3+ 35. Kd3 Nb5 36. Ra8 Kf7 37. Rxb8 Rxb8 38. Ra4 Ke8
39. Bxb4 Nxd4 40. Bxe7 Nxf3 41. Bb4 d5 42. Nc5 e5 43. h4 Kf7 44. Ke3 Nh2
45. Ra7+ Kg6 46. Rb7 Rf8 47. Ke2 Rf3 48. Be1 e4 49. b4 Ng4 50. b5 d4 51.
Rd7 d3+ 52. Nxd3 Re3+ 53. Kd2 exd3 54. Rxd3 Re7 55. Rd6+ Kf5 56. Rd5+ Ne5
57. Kc3 Rc7+ 58. Kb3 Ke4 59. Rd6 Rb7 60. b6 Kf3 61. Rh6 Nd7 62. Rxh5 Rxb6+
63. Kc4 Re6 64. Rf5+ Kg2 65. Bf2 Nf6 66. Bd4 Ng4 67. Rg5 Kxg3 68. h5 Kh4
69. Ra5 Rh6 70. Bc3 Ne3+ 71. Kd3 1-0

[Event "XI Anibal Open"]
[Site "Linares ESP"]
[Date "2005.02.28"]
[Round "4"]
[White "Ortiz Fernandez Vega,A"]
[Black "Komljenovic,D"]
[Result "0-1"]
[WhiteElo "2138"]
[BlackElo "2492"]
[EventDate "2005.02.25"]

1. e4 c5 2. Nf3 d6 3. d4 cxd4 4. Nxd4 Nf6 5. Nc3 a6 6. Be3 e6 7. f3 h5 8.
Qd2 b5 9. O-O-O Bb7 10. Kb1 Nbd7 11. h4 Rc8 12. g3 Ne5 13. Qf2 Qc7 14.
Ndxb5 axb5 15. Nxb5 Qb8 16. Ba7 Qa8 17. Bb6 Nxf3 18. Nc7+ Rxc7 19. Bxc7 Ne5
20. Bb5+ Bc6 21. a4 Qb7 22. Qb6 Qxb6 23. Bxb6 Bxb5 24. axb5 Nxe4 25. Rhe1
f5 26. Bd4 Nc4 27. Rd3 d5 28. b6 Kd7 29. b3 Na3+ 30. Kb2 Nb5 31. Be5 Ba3+
32. Ka1 Bb4 33. b7 Bxe1 34. b8=Q Rxb8 35. Bxb8 Bc3+ 36. Kb1 Kc6 37. Bf4 e5
38. Bc1 d4 39. Rf3 g6 40. Rf1 Kd5 41. Bh6 Bd2 42. Bg7 Nxg3 43. Rg1 f4 0-1

[Event "XI Anibal Open"]
[Site "Linares ESP"]
[Date "2005.02.28"]
[Round "4"]
[White "Pogorelov,R"]
[Black "Navarro Torres,P"]
[Result "1-0"]
[WhiteElo "2472"]
[BlackElo "2232"]
[EventDate "2005.02.25"]

1. Nf3 Nf6 2. c4 g6 3. Nc3 Bg7 4. e4 d6 5. d4 O-O 6. Be2 Na6 7. O-O e5 8.
Be3 Ng4 9. Bg5 Qe8 10. dxe5 dxe5 11. h3 h6 12. Bd2 Nf6 13. Be3 Qe7 14. a3
c6 15. b4 Nh5 16. Re1 Nf4 17. Bxf4 exf4 18. e5 Bf5 19. c5 Rad8 20. Qc1 g5
21. Bxa6 bxa6 22. Ne4 Bxe4 23. Rxe4 Rd5 24. Qc4 h5 25. Rae1 Rfd8 26. Nd4
Qe8 27. Nf5 Bxe5 28. Nd6 Qe6 29. Qxa6 f5 30. R4e2 f3 31. gxf3 f4 32. Qc4
R5xd6 33. Qxe6+ Rxe6 34. Rxe5 Rg6 35. Re6 Kf7 36. Re7+ Kf8 37. Kg2 Rd3 38.
Re8+ Kf7 39. R1e7+ Kf6 40. Rc7 g4 41. fxg4 hxg4 42. Rxc6+ Kf7 43. Rxg6
gxh3+ 44. Kh2 Kxg6 45. Re4 Kf5 46. Rc4 Kg4 47. Rc2 1-0

[Event "XI Anibal Open"]
[Site "Linares ESP"]
[Date "2005.02.28"]
[Round "4"]
[White "Szymanska,M"]
[Black "Rios del Moral,N"]
[Result "1-0"]
[WhiteElo "2108"]
[BlackElo "2140"]
[EventDate "2005.02.25"]

1. d4 d5 2. c4 e6 3. Nc3 f5 4. e3 c6 5. Qc2 Nf6 6. f3 Bd6 7. Bd3 O-O 8.
Nge2 Nbd7 9. Bd2 a5 10. O-O dxc4 11. Bxc4 Nb6 12. Bd3 Nbd5 13. a3 Qc7 14.
g3 Nxc3 15. Bxc3 Nd5 16. Bd2 e5 17. Bc4 Kh8 18. Bxd5 cxd5 19. Qxc7 Bxc7 20.
Rac1 Bd6 21. Nc3 exd4 22. exd4 Bd7 23. Nxd5 Bb5 24. Rfe1 Bc6 25. Nb6 Ra6
26. d5 Rxb6 27. dxc6 bxc6 28. Re6 Bb8 29. Rexc6 Rxb2 30. Bxa5 Kg8 31. Bb4
Re8 32. Rc8 Rbe2 33. Kf1 Kf7 34. Rxb8 1-0

[Event "XI Anibal Open"]
[Site "Linares ESP"]
[Date "2005.02.28"]
[Round "4"]
[White "Kokolias,K"]
[Black "Gutierrez Leon,C"]
[Result "1-0"]
[WhiteElo "2137"]
[BlackElo "1985"]
[EventDate "2005.02.25"]

1. e4 e6 2. d4 b6 3. Nc3 Bb7 4. a3 Nf6 5. Bd3 d6 6. Nf3 Nbd7 7. O-O Be7 8.
Bg5 O-O 9. a4 a6 10. Re1 e5 11. Qd2 c6 12. dxe5 dxe5 13. Nh4 Qc7 14. Nf5
Nc5 15. Qe3 Rfe8 16. Qg3 Ne6 17. Nxe7+ Qxe7 18. Qxe5 Nxg5 19. Qxg5 Qb4 20.
e5 Qg4 21. Qxg4 Nxg4 22. f4 c5 23. h3 Nh6 24. Ne4 Nf5 25. Nxc5 bxc5 26.
Bxf5 Rab8 27. b3 g6 28. Bd3 Re7 29. Bc4 Kg7 30. Rad1 g5 31. f5 1-0

[Event "XI Anibal Open"]
[Site "Linares ESP"]
[Date "2005.02.28"]
[Round "4"]
[White "Benito Alba,E"]
[Black "Stoumbos,K"]
[Result "1/2-1/2"]
[WhiteElo "1914"]
[BlackElo "2113"]
[EventDate "2005.02.25"]

1. d4 Nf6 2. Nf3 g6 3. g3 Bg7 4. Bg2 O-O 5. b3 c5 6. Bb2 cxd4 7. Nxd4 Nc6
8. O-O Qb6 9. c4 a5 10. Na3 d6 11. Nxc6 bxc6 12. Bd4 Qa6 13. Nc2 Rb8 14.
Qd3 c5 15. Bb2 a4 16. Rfb1 Be6 17. e4 Rfd8 18. Ne3 axb3 19. axb3 Qb6 20.
Bc3 Ng4 21. Ba5 Qa7 22. Bc3 Qb6 23. Bxg7 Kxg7 24. Nd5 1/2-1/2

[Event "XI Anibal Open"]
[Site "Linares ESP"]
[Date "2005.02.28"]
[Round "4"]
[White "Kaza,P"]
[Black "Diaz Begonte,M"]
[Result "1-0"]
[WhiteElo "2097"]
[BlackElo "1862"]
[EventDate "2005.02.25"]

1. e4 c6 2. d4 d5 3. exd5 cxd5 4. Bd3 Nf6 5. c3 e6 6. Bf4 Bd6 7. Bg3 Nc6 8.
Nf3 O-O 9. O-O Bxg3 10. hxg3 a6 11. a4 Qc7 12. Re1 Re8 13. Ne5 Nxe5 14.
dxe5 Nd7 15. Qh5 f5 1-0

[Event "XI Anibal Open"]
[Site "Linares ESP"]
[Date "2005.02.28"]
[Round "4"]
[White "Espasa Gonzalez,J"]
[Black "Fernandez Calzada,J"]
[Result "0-1"]
[WhiteElo "2008"]
[BlackElo "1970"]
[EventDate "2005.02.25"]

1. c4 g6 2. d4 Bg7 3. Nc3 c5 4. e3 Nc6 5. Nf3 d6 6. g3 Bg4 7. d5 Ne5 8.
Qa4+ Qd7 9. Qxd7+ Bxd7 10. Nxe5 Bxe5 11. f4 Bxc3+ 12. bxc3 f5 13. Rb1 b6
14. Bd3 Nf6 15. O-O Kf7 16. Re1 Rag8 17. Rb2 Ne4 18. Rb3 h5 19. Ra3 Ra8 20.
Bxe4 fxe4 21. h4 Bg4 22. Kf2 Rhb8 23. Rb3 Bc8 24. Ra3 a5 25. Rg1 a4 26. Bd2
Bd7 27. Rb1 Kf6 28. Be1 Kf5 29. Bd2 b5 30. cxb5 Rxb5 31. Rxb5 Bxb5 32. Be1
c4 33. Kg2 Kg4 34. Kf2 Be8 35. Ke2 Bf7 36. Kf2 Bxd5 37. Bd2 Bc6 38. Be1 Rb8
0-1

[Event "XI Anibal Open"]
[Site "Linares ESP"]
[Date "2005.03.01"]
[Round "5"]
[White "Cheparinov,I"]
[Black "Lorenzini,M"]
[Result "1-0"]
[WhiteElo "2572"]
[BlackElo "2412"]
[EventDate "2005.02.25"]

1. e4 d5 2. exd5 Qxd5 3. Nc3 Qa5 4. d4 Nf6 5. Nf3 Bf5 6. Bc4 e6 7. Bd2 c6
8. Ne4 Qd8 9. Ng3 Bg4 10. c3 Nbd7 11. h3 Bxf3 12. Qxf3 Be7 13. O-O O-O 14.
Rfe1 a5 15. a4 Qc7 16. Nf5 Rfe8 17. Bf4 Qb6 18. Nxe7+ Rxe7 19. Re2 Ree8 20.
Bd6 Qd8 21. Bd3 Nf8 22. Qg3 Ng6 23. Rae1 Nh5 24. Qh2 Qg5 25. Re3 Nhf4 26.
h4 Qh6 27. Bxg6 Nxg6 28. h5 Ne7 29. Bf4 Qf6 30. Be5 Qf5 31. Rf3 Qc2 32. Qg3
1-0

[Event "XI Anibal Open"]
[Site "Linares ESP"]
[Date "2005.03.01"]
[Round "5"]
[White "Payen,A"]
[Black "Korneev,O"]
[Result "1/2-1/2"]
[WhiteElo "2384"]
[BlackElo "2602"]
[EventDate "2005.02.25"]

1. d4 Nf6 2. c4 e6 3. g3 c5 4. d5 exd5 5. cxd5 b5 6. Bg2 d6 7. e4 Nbd7 8.
f4 g6 9. Qe2 Nb6 10. Qxb5+ Bd7 11. Qd3 Bg7 12. Nc3 O-O 13. Nge2 Re8 14. O-O
Bg4 15. h3 c4 16. Qc2 Bxe2 17. Nxe2 Nfd7 18. Be3 Nxd5 19. Bf2 N5b6 20. Rad1
Qe7 1/2-1/2

[Event "XI Anibal Open"]
[Site "Linares ESP"]
[Date "2005.03.01"]
[Round "5"]
[White "Salgado Lopez,I"]
[Black "Sorokin,M"]
[Result "1/2-1/2"]
[WhiteElo "2278"]
[BlackElo "2578"]
[EventDate "2005.02.25"]

1. e4 e5 2. Nf3 Nc6 3. Bb5 a6 4. Ba4 Nf6 5. O-O Nxe4 6. d4 b5 7. Bb3 d5 8.
dxe5 Be6 9. Nbd2 Nc5 10. c3 Bg4 11. Bc2 Be7 12. Re1 Qd7 13. Nb3 Ne6 14. h3
Bh5 15. Bf5 Bg6 16. Bg4 Ncd8 17. Bg5 Bxg5 18. Nxg5 Qe7 19. Nxe6 fxe6 20. a4
b4 1/2-1/2

[Event "XI Anibal Open"]
[Site "Linares ESP"]
[Date "2005.03.01"]
[Round "5"]
[White "De la Villa Garcia,J"]
[Black "Aloma Vidal,R"]
[Result "1/2-1/2"]
[WhiteElo "2470"]
[BlackElo "2329"]
[EventDate "2005.02.25"]

1. e4 c5 2. Nf3 d6 3. d4 cxd4 4. Nxd4 Nf6 5. Nc3 Nc6 6. Bg5 e6 7. Qd2 a6 8.
O-O-O Bd7 9. f3 Be7 10. h4 b5 11. Kb1 Ne5 12. Bd3 O-O 13. g4 b4 14. Nce2 a5
15. Be3 Nxd3 16. cxd3 e5 17. Nf5 b3 18. a3 Bxf5 19. exf5 Re8 20. Nc3 d5 21.
d4 e4 22. g5 Nh5 23. fxe4 dxe4 24. Rhg1 g6 25. fxg6 hxg6 26. Rg4 Bb4 27.
Rc1 Qd7 28. Qe2 Bxc3 29. Rxc3 a4 30. Rg1 Qf5 31. Rc7 Nf4 32. Qc4 Nd5 33.
Rf1 Qxf1+ 34. Qxf1 Nxc7 35. Qc4 Ne6 36. d5 Ng7 37. h5 Nf5 38. hxg6 Nxe3 39.
gxf7+ Kxf7 40. Qc7+ Kg6 41. Qb6+ Kf5 42. Qxe3 Rh8 43. Qf2+ Kxg5 44. Qg2+
Kf4 45. Qf2+ Ke5 46. Qg3+ Kd4 47. Qc3+ Kxd5 48. Qd2+ Ke6 49. Qg2 Ke5 50.
Qg5+ Kd4 51. Qd2+ Kc4 52. Qc3+ Kd5 53. Qd2+ Ke6 54. Qg2 1/2-1/2